Представление документа в формате MARC21

ПолеНазваниеЗначение
  Тип записи a
  Библиографический уровень m
001 Контрольный номер RU/URAIT/533362
003 Принадлежность контрольного номера https://urait.ru/bcode/533362
005 Дата корректировки 20230913130116.7
008 Кодируемые данные
020 Индекс ISBN __
a ISBN 978-5-534-17587-5
c Цена, тираж 509.00
040 Источник каталогиз. __
a Служба первич. каталог. ИКО Юрайт
b Код языка каталог. rus
c Служба, преобразующая запись ИКО Юрайт
041 Код языка издания 0_
a Код языка текста rus
044 Код страны публикации __
a Код страны публикации RU
073 _1
a 9785534175875
d 509.00
080 Индекс УДК __
a Индекс УДК 003.07(075.32)
084 Индекс другой классификации/Индекс ББК __
a Индекс другой классификации/Индекс ББК 85.19я723
2 Источник индекса rubbk
091 Индексы/ коды __
a Индекс ББК (DOS) 85.19я723
z rubbk
100 Автор 1_
a Автор Безрукова Е. А.
q Полное имя Екатерина Александровна
230 __
a Электрон. дан.
245 Заглавие 00
a Заглавие Шрифты: шрифтовая графика
b Продолж. заглавия учебное пособие
c Ответственность Е. А. Безрукова, Г. Ю. Мхитарян ; под научной редакцией Г. С. Елисеенкова.
250 Сведения об издании __
a Основные сведения об издании 2-е изд.
260 Выходные данные 1_
a Место издания Москва
b Издательство Юрайт
c Дата издания 2023
300 Физическое описание __
a Объем 116 с
440 Серия _0
a Серия Высшее образование
500 Примечания __
a Примечание URL: https://urait.ru/bcode/533362 (дата обращения: 13.09.2023).
520 Аннотация __
a Аннотация Наглядное учебное пособие содержит теоретические материалы и примеры практических заданий, предназначенные для освоения дисциплины «Шрифтовая графика»; содержит наглядные материалы, варианты упражнений, учебно-творческих работ, элементы курсовых и дипломных проектов, выполненные студентами направления подготовки «Дизайн» (профиль «Графический дизайн») Кемеровского государственного института культуры. Соответствует актуальным требованиям Федерального государственного образовательного стандарта среднего профессионального образования и профессиональным требованиям. Для студентов-дизайнеров среднего профессионального образования, преподавателей и всех интересующихся.
538 Прим. о системных особенностях __
a Прим. о системных особенностях Режим доступа: Электронно-библиотечная система Юрайт, для авториз. пользователей
653 Ключевые слова 2_
a Ключевые слова Изобразительное и декоративно-прикладное искусство
653 Ключевые слова 2_
a Ключевые слова Гуманитарные науки
653 Ключевые слова 2_
a Ключевые слова Дизайн и оформление средств массовой информации
653 Ключевые слова 2_
a Ключевые слова Типографика
653 Ключевые слова 2_
a Ключевые слова Шрифты
653 Ключевые слова 2_
a Ключевые слова Шрифт
653 Ключевые слова 2_
a Ключевые слова Шрифтовая графика
653 Ключевые слова 2_
a Ключевые слова Основы шрифтовой композиции
653 Ключевые слова 2_
a Ключевые слова Шрифтовые композиции
653 Ключевые слова 2_
a Ключевые слова Шрифт и шрифтовая композиция
653 Ключевые слова 2_
a Ключевые слова Шрифтовая композиция
653 Ключевые слова 2_
a Ключевые слова Дизайн в средствах массовой информации
700 Другие авторы 1_
a Другие авторы Елисеенков Г. С.
q Полное имя Геннадий Симонович
700 Другие авторы 1_
a Другие авторы Мхитарян Г. Ю.
q Полное имя Гагик Юрикович
856 Электронный адрес документа 40
n Местонахождение сервера Юрайт
g Электронная книга
q Тип электронного формата html
h Имя пользователя ЮРАЙТ
v Часы доступа к ресурсу 20251231
2 Способ доступа Показать документ
x Служебное примечание https://urait.ru/book/cover/31C307A5-85B2-4E5C-8F35-47D8B808EDDE
u URL https://urait.ru/bcode/533362
856 Электронный адрес документа 41
q Тип электронного формата cover
u URL https://urait.ru/book/cover/31C307A5-85B2-4E5C-8F35-47D8B808EDDE